Random City to Country #4 - Statistics

General Stats
  • This quiz has been taken 34 times
  • The average score is 9 of 10
Answer Stats
City Country % Correct
Hamburg Germany
100%
Mumbai India
97%
Tehran Iran
97%
Lima Peru
97%
Nairobi Kenya
94%
Manila Philippines
94%
Sucre Bolivia
91%
The Hague Netherlands
91%
Tbilisi Georgia
85%
Dar es Salaam Tanzania
70%
No matching quizzes found
Score Distribution
Percent of People with Each Score
Percentile by Number Answered
Your Score History
You have not taken this quiz